| 000 | 00574nam a2200169 i 4500 | ||
|---|---|---|---|
| 001 | 56345 | ||
| 003 | ES-MaACL | ||
| 007 | t| | ||
| 008 | 031007s1984 sp ||||1| spa d | ||
| 020 | _a84-7423-245-7 | ||
| 245 | 0 | 0 |
_aDiccionario Oxford de literatura española e hispanoamericana / _cedición al cuidado de Philip Ward ; [traducción castellana y adaptación de Gabriela Zayas]. |
| 260 |
_aBarcelona : _bCrítica, _c1984. |
||
| 300 |
_a864 p. ; _c21 cm. |
||
| 700 | 1 |
_aWard, Philip. _9116083 |
|
| 700 | 1 |
_aZayas, Gabriela. _9118119 |
|
| 852 |
_aES-MaACL _jL-8587 _bR.109030 |
||
| 999 |
_c56345 _d56345 |
||